[Event "BCF-chT3 0809 (4NCL)"]
[Site "Hinckley Island"]
[Date "2008.12.06"]
[Round "3.2"]
[White "Malik, Dani"]
[Black "Thompson, Brian"]
[Result "1/2-1/2"]
[WhiteElo "2125"]
[BlackElo "1935"]
[PlyCount "58"]
[EventDate "2008.10.18"]
[EventType "team-swiss"]
[EventRounds "11"]
[EventCountry "ENG"]
[SourceTitle "EXT 2010"]
[Source "ChessBase"]
[SourceDate "2010.11.25"]
[SourceVersion "1"]
[SourceVersionDate "2010.11.25"]
[SourceQuality "1"]
[WhiteTeam "Warwicks Select II"]
[BlackTeam "Nottinghamshire II"]
[WhiteTeamCountry "ENG"]
[BlackTeamCountry "ENG"]

1. e4 c5 2. c3 g6 3. d4 cxd4 4. Qxd4 Nf6 5. Bg5 Nc6 6. Qe3 Bg7 7. Nd2 0-0 8. f3 d6 9. Be2 Be6 10. Nh3 Qb6 11. Qxb6 axb6 12. a3 Bxh3 13. gxh3 Nd7 14. 0-0 Ra5 15. Be3 Rfa8 16. Nc4 R5a6 17. Rad1 b5 18. Nd2 Na7 19. Bxa7 R6xa7 20. Bxb5 Nf6 21. Nb3 Rc8 22. Be2 Bh6 23. Rfe1 Nd7 24. Kf2 Bf4 25. Kg2 Nc5 26. Nxc5 Rxc5 27. Rd5 Rxd5 28. exd5 Ra5 29. c4 Be5 1/2-1/2

[Event "BCF-chT4 0506 (4NCL)"]
[Site "West Bromwich"]
[Date "2005.11.06"]
[Round "2.4"]
[White "Foster, James C"]
[Black "Malik, Dani"]
[Result "1/2-1/2"]
[WhiteElo "1950"]
[BlackElo "1955"]
[PlyCount "73"]
[EventDate "2005.11.05"]
[EventType "team"]
[EventRounds "11"]
[EventCountry "ENG"]
[SourceTitle "CBM 109 Extra"]
[Source "ChessBase"]
[SourceDate "2006.01.03"]
[SourceVersion "2"]
[SourceVersionDate "2006.01.03"]
[SourceQuality "1"]
[WhiteTeam "Conquistadors"]
[BlackTeam "Warwicks Select II"]
[WhiteTeamCountry "ENG"]
[BlackTeamCountry "ENG"]

1. e4 d5 2. exd5 Nf6 3. Nf3 Nxd5 4. c4 Nf6 5. d4 g6 6. Be2 Bg7 7. Bg5 Bg4 8. Nc3 Nc6 9. d5 Bxf3 10. Bxf3 Ne5 11. Be2 0-0 12. f4 Ned7 13. 0-0 Nc5 14. Qc2 c6 15. Bf3 Qb6 16. Qf2 e6 17. dxc6 bxc6 18. Rad1 Rad8 19. b3 Qb4 20. Qc2 Qb6 21. Kh1 Qc7 22. b4 Rxd1 23. Rxd1 Ncd7 24. Qd2 Rc8 25. c5 h6 26. Bh4 Nd5 27. Nxd5 exd5 28. Be7 Re8 29. Bd6 Qc8 30. Re1 Nf6 31. Be5 Qe6 32. Bc3 Qxe1+ 33. Qxe1 Rxe1+ 34. Bxe1 Ne4 35. g4 Bc3 36. Bxe4 Bxe1 37. Bxd5 1/2-1/2